000 00572nam a2200181 a 4500
005 20240611063703.0
008 991125s1969 mx 000 0 spa u
035 _aUPN01000005965
049 _aCG
050 4 _aQK51
_bF8.2
100 1 _aFuller, Harry James,
_d1907-1973
_935477
245 1 0 _aBotánica general /
_cHarry J. Fuller ; tr. Antonio Marino Ambrosio.
260 _aMéxico :
_bCECSA,
_c1969.
300 _a238 p. :
_bil.
440 0 _aSerie de compendios científicos.
_pEl tutor del estudiante
650 4 _aBotánica
_xEstudio y enseñanza
_9835
905 _aLibro
999 _c5965
_d5965